00798nam a2200241Ia 450000100060000000300090000600800410001504000130005604000130006904100130008210000150009510000290011024500590013924501050019825000110030326000100031426000110032426000490033530000570038450000680044165000160050965000310052518300IT-RoPAU130308s9999 xx 000 0 und d aIT-RoPAU cIT-RoPAU aFRANCESE aBasso Anna gCodice Aut. SPICS: 12650 aComprehension du langage oral chez les aphasiques (La) bActes Du Colloque International et Multidisciplinaire Sur la Comprehension Du Langage (Creteil 1980) a1a ed. aPARIS bDidier c1981 [1° Ed.:1981 - Ed.Ling.Originale:1980] a"6 p. (prefazione: no ; testo: 6 [pagine: 100-105])" aComprensione del Linguaggio Orale da parte dei malati di Afasia aLINGUISTICA eCodice materia Spics: 3201